Statistiques concernant Culture Générale - Série 1542

Cliquez ici pour prendre le quiz!

Statistiques générales

  • Ce quiz a été pris 63 fois
  • Le résultat moyen est 4 sur 10

Statistiques - réponses

QuestionRéponse% Correct
Selon l'expression, quel objet, associé à la carotte, permet de faire avancer un âne ?bâton
82%
Dans un poème, combien de vers compte un sonnet ?14
75%
Comment nomme-t-on spécifiquement les membres de l'ordre religieux de la compagnie de Jésus ?jésuites
64%
Qui est l'auteur du roman “Le Portrait de Dorian Gray” ?Oscar Wilde
45%
Quel préfixe, placé devant une unité, la multiplie par 10 puissance 9 ?giga
41%
Sous quel nom connait-on mieux la balance à 2 fléaux, inventée en 1670, et qui porte le nom de son inventeur ?Roberval
38%
Quel nom donne-t-on aux hôpitaux autrefois nommés "ladreries" ou "maladreries" ?léproseries
36%
Quel scientifique est considéré comme le fondateur de la génétique ?Johann Mendel
29%
Quel roi de Grèce s'exile en 1967, à la suite du “coup d'État des colonels” ?Constantin II
13%
Quel jazzman a-t-on surnommé “Pops” ?Louis Armstrong
7%

Distribution des résultats

Percentile par nombre de réponses

% des personnes avec chaque résultat

Votre développement - résultats

Vous n’avez pas pris ce quiz